How much is enough? : getting the most from your advertising dollar /

Bibliographic Details
Main Author: Jones, John Philip
Format: Book
Language:English
Published: New York : Toronto : New York : Lexington Books ; Maxwell Macmillan Canada ; Maxwell Macmillan International, [1992]
Subjects:

MARC

Tag First Indicator Second Indicator Subfields
LEADER 00000cam a2200000 a 4500
001 in00001120013
005 20150930070532.0
008 911127s1992 nyua b 001 0 eng
010 |a  91045347  
015 |a GB93-17179 
020 |a 0669246395 :  |c $35.00 
035 |a (OCoLC)25009448 
035 |9 AFV7705AM 
040 |a DLC  |c DLC  |d UKM  |d TXA  |d UtOrBLW 
049 |a TXAM 
050 0 0 |a HF5821  |b .J66 1992 
082 0 0 |a 659.1  |2 20 
100 1 |a Jones, John Philip. 
245 1 0 |a How much is enough? :  |b getting the most from your advertising dollar /  |c John Philip Jones. 
264 1 |a New York :  |b Lexington Books ;  |a Toronto :  |b Maxwell Macmillan Canada ;  |a New York :  |b Maxwell Macmillan International,  |c [1992] 
264 4 |c ©1992 
300 |a xvii, 382 pages :  |b illustrations ;  |c 25 cm. 
336 |a text  |b txt  |2 rdacontent 
337 |a unmediated  |b n  |2 rdamedia 
338 |a volume  |b nc  |2 rdacarrier 
504 |a Includes bibliographical references (pages [347]-370) and index. 
650 0 |a Advertising. 
653 0 |a Advertising 
653 0 |a United States 
653 0 |a Europe 
999 |a MARS 
999 f f |s c80f9f6f-74be-3c15-bd94-9bec1bb8994e  |i b9484271-4501-37ec-b34c-8ff5a83e4cb4  |t 0 
952 f f |p ric  |a Texas A&M University  |b Rellis Campus  |c Joint Library Facility  |d Remote Storage  |t 0  |e HF5821 .J66 1992  |h Library of Congress classification  |i unmediated -- volume  |m A14817112873 
998 f f |a HF5821 .J66 1992  |t 0  |l Remote Storage